NBC Shows A-Z Quiz Stats

 Plays Quiz Updated Feb 21, 2020

Support Sporcle.
Go Orange.
Score 0/25 Timer 07:00
0 Plays Today
% Correct
Friends
97.8%
ALF
95.3%
ER
94.9%
Cheers
94.8%
The Office
92.6%
Parks and Recreation
89.1%
Knight Rider
84.8%
Will & Grace
84.2%
Law & Order: Special Victims Unit
82.4%
The Voice
81.9%
I Dream of Jeannie
81.1%
Saturday Night Live
76.4%
Diff'rent Strokes
74.7%
% Correct
Blossom
73.9%
The Good Place
73.1%
Night Court
71.7%
Today
70.5%
Just Shoot Me!
65.6%
Quantum Leap
64.2%
Hollywood Game Night
36.7%
The Mysteries of Laura
16%
Up All Night
15.2%
Zoey's Extraordinary Playlist
15.1%
Revolution
11.5%
You, Me and the Apocalypse
4.9%

You're not logged in!

Compare scores with friends on all Sporcle quizzes.
OR
Log In

From the Vault

Complete the Lyrics: Elton John

by Sheldon

Yes, these songs are going to be stuck in your head for the rest of the day.
Remove Ads.
Support Sporcle.
Get the best of Sporcle when you Go Orange. This ad-free experience offers more features, more stats, and more fun while also helping to support Sporcle. Thank you for becoming a member.

Show Comments

Extras

Top Quizzes Today


Score Distribution

Your Account Isn't Verified!

In order to create a playlist on Sporcle, you need to verify the email address you used during registration. Go to your Sporcle Settings to finish the process.

Report this User

Report this user for behavior that violates our Community Guidelines.

Details: